MDQL
is popping MORE tags! Check the
thread
!
Quizzes
Events
Quiz Creation
Community
Videos
Private Events
Remove Ads
Sign In
Join for FREE
Feedback
Dark Mode
Quiz Categories
Sports
Geography
Music
Movies
Television
Just For Fun
Miscellaneous
History
Literature
Language
Science
Gaming
Entertainment
Religion
Holiday
For Kids
Quiz Lab
Recent
Popular Today
Quiz Kudos Today
Editor Picks
Curator Picks
Quizzes by...
Day
Popularity
Type
Ratings
Length
Year
Community
Subscriptions
Recent Discussions
Orange Saloon
Badges
Playlists
Quests
Create
Leaderboards
Showdown
Live 5
Trivia Bingo
Activity
Puzzle Library
Sporcle Events
Private Events
Virtual Trivia
Globe League
Become a Host
Pub Owners
SporcleCon
Opinionation
Our Games
Videos
Blog
Mobile Apps
Partnerships
Remove Ads and Go Orange
Feedback
Movies
Disney
Marvel Cinematic Universe
Movie Resume
Movie Titles
Oscar
Actor
Actress
Director
Pixar
Role
Movie Quotes
Movie Characters
Box Office
Nominee
Best Picture
Star Wars
James Bond
Horror Movies
Movies
Disney
Marvel Cinematic Universe
Movie Resume
Movie Titles
Oscar
Actor
Actress
Director
Pixar
Role
Movie Quotes
Movie Characters
Box Office
Nominee
Best Picture
Star Wars
James Bond
Horror Movies
Random Quiz
Search Sporcle
×
Quiz Lab
Quiz Lab
Movies
Lord of the Rings
Type in answers that appear in a list
Type in answers that appear in a list
Classic
Best Score? Go Orange.
LOTR Two Towers quiz Stats
Can you name the LOTR Two Towers quiz?
By
DEATHKING
16m
50 Questions
2,366 Plays
2,366 Plays
2,366 Plays
Comments
Comments
Give Quiz Kudos
Give Quiz Kudos
-
- Ratings
hide this ad
More Info
Random Order
Randomize order of answers
Randomize order of answers
Replay
Link that replays current quiz
Next Quiz
Link to next quiz in quiz playlist
You Got
0%
They Got
Avg Score
59%
Avg Friend Score
Upgrade to see
Score Distribution
Jump to the score distribution portion of the page
Score
0/50
Timer
16:00
0
Plays Today
Hint
% Correct
What is Treebeard
Ent
87.7%
Who comes back to life in this movie
Gandalf
85.8%
Who is Boromir’s brother
Faramir
83.6%
What color is Gandalf's staff
White
83.4%
What color is the black gate
Black
82.7%
What is the precious that Sméagol refers to
Ring
80.5%
What does Gollum catch in the forbidden pool
Fish
79.8%
Which is the ent that finds Merry and Pippin
Treebeard
79.5%
Which horse is the lord of all horses
Shadowfax
79.5%
What forest do Merry and Pippin enter
Fangorn
79%
How many Oliphaunts do we see
2
78.8%
Who is Eomer's sister
Eowyn
77%
Who got banished from Rohan
Eomer and his men
76.1%
What city do the ents attack
Isengard
76%
Who betrays Rohan and works for Saruman
Grima Wormtounge
75.3%
How did the ent put out the fire on his head
Water
75.3%
How many days had to pass before Aragorn looked to the east
5
75.2%
What are taters
Potatoes
74.7%
Who does Aragorn toss
Gimli
74.5%
Who poisoned the king's mind of Rohan
Saruman
73%
What was the blade that Gollum had seen before
Sting
71.9%
What killed 1 of the ents
Fire
71.4%
How many orcs are marching to Helm's Deep
10,000
70.4%
Who pulls Frodo out of the water while walking through the dead marshes
Smeagol
69.7%
What were the ents and Merry and Pippin using to kill the orcs
Stone and Rock
68.6%
Hint
% Correct
How does Aragorn kill orcs at Helm's Deep
sword
68%
In which city are Eothain and Freda reunited with their mother
Helm's Deep
66.6%
How does the 1st Warg rider die
Bow and arrow
66.5%
Who is Theoden's son
Theodred
57.1%
What is the elven bread that Frodo and Sam eat
Lembas
56.9%
Who comes to Theoden’s aid at Helm’s Deep
Elves
55.8%
How old is Aragorn
87
53.6%
At the Helm's Deep battle how many kills did Gimli get
43
52.5%
From Fangorn where did Gandalf, Legolas, Aragorn and Gimli ride too
Edoras
50%
How do the last remaining orcs at Isengard die
Drown
47.9%
What did Merry and Pippin smoke at Isengard
Longbottom leaf
44.9%
What hot food does Eowyn give to Aragorn at night
Stew
42.4%
Trrebeard called a meeting of the what
Entmoot
41.9%
While fleeing to Helm’s Deep what creatures attack the Rohirrim
Warg riders
41.3%
Who recaptures Osgiliath
Boromir
40.1%
Where does Aragorn say Arwen is going
The undying lands and Valinor
37.3%
Just outside of Fangorn how did the 1st orc die
Spear
37%
What is the horse's name that takes Aragorn to Helm's Deep
Brego
35.5%
What kind of horse is Shadowfax
Mearas
28.9%
Where do Frodo and Sam meet Gollum
Emyn Muil
23.8%
Who is Theoden's father
Thengel
22.1%
What is the horse's name Legolas and Gimli ride on
Arod
21.8%
Who is Hama's son
Haleth
12.3%
What do orcs drink
Draught and Grog
11.5%
Gandalf said they use to call him something in Fangorn what was it
The Gray Pilgrim
6%
Quiz Playlist
Details
Report
Send in Message
Add To Playlist
More Info:
Some of the questuions are from both theatrical and extended editions.
Classic:
Type in answers that appear in a list
Random Order:
Randomize order of answers
Last Updated: Feb 16, 2017
Quiz Scoreboard
CHALLENGE
Sign Up to Join the Scoreboard
Show All
Scores
Hide
Comments
May contain spoilers
Recently Published
Image Sorting: Flags VI
by Barbecue
Geography
2m
Find the 'City' Movie
by crazypaving
Movies
60s
5x2 Blitz: Bands
by SL_Kpop136
Music
30s
More to Explore
Quiz From the Vault
Featured Blog Post
14 Easter Pick-up Lines to Find Eggs With
hide this ad
You Might Also Like...
Tags
Lord of the Rings Quiz
Tower
Two Towers
Today's Top Quizzes in Movies
Browse Movies
hide this ad
Today's Top Quizzes in Lord of the Rings
Browse Lord of the Rings
Top Contributed Quizzes in Movies
1
Find The 'Big' Movie
2
Find The 'Wild' Movie
3
Find The 'Blue' Movie
4
Movies By Plot
5
Hidden Star Wars Character II
6
Pick 5 Posters: Directed by Spielberg
7
The ultimate James Bond movie quiz
8
Hidden Star Wars Character III
9
Hidden Star Wars Character IV
10
25 Best Actor Nominees (1990s)
Explore More
Trending Topics
Disney
Crossword
Kpop
NBA
Marvel
Anime
Harry Potter
Pokémon
The Office
WWE
NFL
Country
Song
Puzzle
Soccer
hide this ad
More By:
DEATHKING
Quiz
Plays
Rating
Category
Featured
Created
LOTR Fellowship of the Ring trivia
4,330
2.61
Movies
Jan 30, 2010
LOTR Two Towers quiz
2,366
2.38
Movies
Jan 31, 2010
LOTR Return of the King
2,183
2.08
Movies
Feb 2, 2010
Pilot Lost Episode Trivia
1,524
2.56
Television
Feb 12, 2010
LA X Lost Episode Trivia
826
2.13
Television
Feb 10, 2010
Go to Creator's Profile
Score Distribution
Quiz Creator Spotlight
DEATHKING
Follow
Send a Message
Quizzes Created
-
Created Quiz Play Count
-
More By This Creator
Popular Quizzes Today
1
Colored Red Africa Blitz
2
Find the US States - No Outlines Minefield
3
Find the 'City' Movie
4
5x2 Blitz: Bands
5
The Countries of the World
6
Find the US States
7
Find the Countries of Europe - No Outlines Minefield
8
US States
More Movies Quizzes
Oscar Nominated Films - 1992
Curator's Pick
Trending Quizzes
Colored Red Europe Blitz I
Colored Red Europe Blitz II
Colored Red Africa Blitz II
Colored Red Europe Blitz III
Colored Red Africa Blitz III
Recently Updated
How Do You Spell That?
pecheneg
Godzilla Movies
pecheneg
Grab Bag: 4-10 Letters
pecheneg
2024 March Madness Bracket
pecheneg
Famous TV Couples
Peacemaker
Champions League XIs: Real Madrid
pecheneg
Largest US Cities 1790-2010
pecheneg
Rides in Walt Disney World
pecheneg
Most Oscar Losses (Acting)
pecheneg
Beyoncé Albums
pecheneg
Trending Topics
Kpop
Anime
Disney
Harry Potter
NBA
Crossword
Marvel
NFL
Soccer
The Office
Pokémon
Puzzle
Country
WWE
Song
Your Account Isn't Verified!
In order to create a playlist on Sporcle, you need to verify the email address you used during registration. Go to your
Sporcle Settings
to finish the process.
Report this User
Report this user for behavior that violates our
Community Guidelines
.
Details:
Send Report
Go to the Sporcle.com Mobile Site →
Comments